000 00936nam a22001935i 4500
001 164738
003 ES-MaACL
005 20250807082103.0
008 030311s1878 sp |||| | spa d
040 _aCCPB | B
_bspa
_cCCPB | B
100 1 _aSantamaría, Victorino.
_9132428
245 1 0 _aLas capitulaciones matrimoniales y la hipoteca por razón de dote
_b: formularios de dicho contrato e inscripciones correspondientes, notas marginales, solicitudes y expedientes de información que se instruyen ante los jueces municipales para justificar el cumplimento de las condiciones resolutorias que tienen lugar en el mismo /
_cpor Victorino Santamaría.
260 _aBarcelona :
_b[s.n.],
_c1878 (
_fimp. del porvenir de Alfonso Bassas)
300 _a107 p. ;
_c21 cm.
650 7 _aMatrimonio (Derecho)
_2embne
_9144371
752 _aEspaña -
_dBarcelona
852 _aES-MaACL
_jD-796(2)
_z-- Enc. hol.
999 _c164738
_d164738